00370 a2200145 4500001000700000040002200007041001600029082002300045100002900068245006600097250000900163260003100172300000800203362001300211141363 cLeonardo Da Vinci aPortuguês a372.351 D53abD53a aDIAS, Anderson Fernandes aApontamentos de anatomia e fisiologia humanasbciclo ginasial a9.ed bÁticac1969aSão Paulo a139 a19690000